[Event "Rated Blitz game"]
[Site "?"]
[Date "2021.11.12"]
[Round "?"]
[White "Dark32"]
[Black "Taabling"]
[Result "1/2-1/2"]
[WhiteElo "2507"]
[BlackElo "2540"]
[PlyCount "115"]
[EventDate "2021.??.??"]
[EventType "blitz"]

1. e4 e5 2. Nf3 d5 3. exd5 Bd6 4. d4 e4 5. Ng5 Nf6 6. Bb5+ c6 7. dxc6 O-O 8.
Nc3 bxc6 9. Bc4 h6 10. Ngxe4 Nxe4 11. Nxe4 Re8 12. f3 Qh4+ 13. Kf1 Bc7 14. g3
Bh3+ 15. Kg1 Qd8 16. Nf2 Be6 17. Bxe6 Rxe6 18. Kg2 Nd7 19. c3 Qf6 20. Re1 Rae8
21. Rxe6 Rxe6 22. Qd3 Qe7 23. Bd2 Re2 24. Kf1 Re6 25. Re1 Nf6 26. Rxe6 Qxe6 27.
Kg2 Qxa2 28. b4 Nd5 29. c4 Nb6 30. c5 Nd5 31. Be1 Qb2 32. Qd2 Qb3 33. Nd3 f6
34. Bf2 a6 35. Qe2 Kf7 36. Be1 Qb1 37. h4 h5 38. f4 Qb3 39. Qxh5+ Kf8 40. Qe2
Kf7 41. Kh3 Bxf4 42. Qh5+ Kf8 43. Qh8+ Kf7 44. Qh5+ Kf8 45. Qf5 Bc7 46. Bd2 Qc2
47. Qc8+ Kf7 48. Qd7+ Kf8 49. Bf4 Bxf4 50. Nxf4 Nxf4+ 51. gxf4 Qd3+ 52. Kg4
Qg6+ 53. Kf3 Qd3+ 54. Kg2 Qe2+ 55. Kg3 Qd3+ 56. Kg4 Qg6+ 57. Kh3 Qd3+ 58. Kg4 {
Normal} 1/2-1/2

[Event "Rated Blitz game"]
[Site "?"]
[Date "2021.11.12"]
[Round "?"]
[White "GranTorre"]
[Black "lavilaine"]
[Result "1-0"]
[WhiteElo "2409"]
[BlackElo "2380"]
[PlyCount "65"]
[EventDate "2021.??.??"]
[EventType "blitz"]

1. e4 e5 2. Nf3 d5 3. d4 dxe4 4. Nxe5 Bd6 5. Qh5 g6 6. Qe2 Bxe5 7. Qxe4 Nf6 8.
Qxe5+ Kd7 9. Be3 Re8 10. Qg3 Ne4 11. Qh3+ Kc6 12. Qxh7 Ng5 13. Qh6 Bg4 14. Nc3
a6 15. Kd2 f6 16. d5+ Kd6 17. Bxg5 fxg5 18. Qxg6+ Kc5 19. Bd3 Nd7 20. Rae1 Ne5
21. Qe4 Nxd3 22. Qxd3 b5 23. Ne4+ Kb6 24. Qd4+ Kb7 25. Nc5+ Kc8 26. Qxg4+ Kb8
27. Rxe8 Qxe8 28. Re1 Qh8 29. Nd7+ Ka7 30. c3 c5 31. Qe6 Rd8 32. Qb6+ Ka8 33.
Qxa6# {Normal} 1-0

[Event "Rated Blitz game"]
[Site "?"]
[Date "2021.11.12"]
[Round "?"]
[White "Cavolinho"]
[Black "fuglfonix"]
[Result "0-1"]
[WhiteElo "2550"]
[BlackElo "2381"]
[PlyCount "64"]
[EventDate "2021.??.??"]
[EventType "blitz"]

1. e4 e5 2. Nf3 d5 3. exd5 e4 4. Ne5 Qxd5 5. d4 exd3 6. Nxd3 Bd6 7. Nc3 Qf5 8.
Be2 Nf6 9. Be3 O-O 10. h3 Nc6 11. Qd2 Qa5 12. O-O Bf5 13. a3 Be4 14. b4 Qf5 15.
Nxe4 Nxe4 16. Qc1 Nc3 17. Bf3 Ne5 18. Nxe5 Bxe5 19. Bxb7 Ne2+ 20. Kh1 Nxc1 21.
Bxa8 Rxa8 22. Raxc1 Bb2 23. Rcd1 Qxc2 24. Rd2 Qc3 25. Rfd1 Qf6 26. a4 h6 27. b5
Bc3 28. Rd7 Ba5 29. R1d3 Bb6 30. Bxb6 axb6 31. Rxc7 Qa1+ 32. Kh2 Qe5+ {Normal}
0-1

[Event "Rated Blitz game"]
[Site "?"]
[Date "2021.11.12"]
[Round "?"]
[White "GropingQ"]
[Black "SerialDrinker"]
[Result "0-1"]
[WhiteElo "2502"]
[BlackElo "2336"]
[PlyCount "30"]
[EventDate "2021.??.??"]
[EventType "blitz"]

1. e4 e5 2. Nf3 d5 3. Nxe5 Bd6 4. d4 dxe4 5. Bf4 Nf6 6. Nc3 O-O 7. Qd2 Bf5 8.
O-O-O a5 9. h3 Bg6 10. g4 Nc6 11. Nxc6 bxc6 12. Be2 Bb4 13. h4 Nd5 14. h5 Nxc3
15. bxc3 Ba3+ {Normal} 0-1

[Event "Rated Blitz game"]
[Site "?"]
[Date "2021.11.12"]
[Round "?"]
[White "alexandr_gorokhov"]
[Black "King_bg03"]
[Result "0-1"]
[WhiteElo "2561"]
[BlackElo "2687"]
[PlyCount "110"]
[EventDate "2021.??.??"]
[EventType "blitz"]

1. e4 e5 2. Nf3 d5 3. Nxe5 Bd6 4. d4 dxe4 5. Bf4 Nd7 6. Nc3 Ngf6 7. Bc4 O-O 8.
Qe2 Nb6 9. Bb3 Bb4 10. O-O-O Bxc3 11. bxc3 Nbd5 12. Bd2 a5 13. a4 Qd6 14. Kb2
b5 15. Qxb5 Ba6 16. Qc6 Rfb8 17. Qxd6 cxd6 18. Ka2 dxe5 19. dxe5 Rxb3 20. cxb3
Ng4 21. c4 Ne7 22. Be3 Nxe5 23. Rd4 Bb7 24. Rhd1 N7c6 25. Rd6 Nb4+ 26. Ka3 Nc2+
27. Kb2 Nd3+ 28. Kxc2 f5 29. R1xd3 exd3+ 30. Kxd3 Bxg2 31. c5 Bf1+ 32. Kc3 Rc8
33. b4 axb4+ 34. Kxb4 Rb8+ 35. Rb6 Re8 36. c6 Kf7 37. c7 Rc8 38. Bf4 Ke7 39. a5
Kd7 40. a6 Bg2 41. a7 g6 42. Rb8 Ba8 43. Kc5 h6 44. h4 g5 45. hxg5 hxg5 46. Be5
f4 47. Kd4 f3 48. Ke3 g4 49. Kf4 Bc6 50. Kxg4 Ba8 51. Kf4 Bc6 52. Kg4 Rxc7 53.
Bxc7 Bd5 54. a8=Q Be4 55. Kf4 Bd5 {Time forfeit} 0-1

[Event "Rated Blitz game"]
[Site "?"]
[Date "2021.11.12"]
[Round "?"]
[White "derbestewogibt"]
[Black "Roberto_Baggio1978"]
[Result "0-1"]
[WhiteElo "2549"]
[BlackElo "2549"]
[PlyCount "78"]
[EventDate "2021.??.??"]
[EventType "blitz"]

1. e4 e5 2. Nf3 d5 3. Nc3 d4 4. Ne2 f6 5. Ng3 c5 6. Bc4 g6 7. h4 h5 8. d3 Nh6
9. c3 Ng4 10. a4 Nc6 11. a5 Bd6 12. a6 b6 13. Nh2 Ke7 14. Nxg4 hxg4 15. h5 Bd7
16. Qe2 gxh5 17. Rxh5 Rxh5 18. Nxh5 Qh8 19. Ng3 Qh2 20. Qf1 Na5 21. Bd5 Rb8 22.
Bd2 Nc6 23. Kd1 b5 24. Kc2 dxc3 25. bxc3 b4 26. Qh1 Rh8 27. Qxh2 Rxh2 28. Rh1
Rxg2 29. Rh7+ Kd8 30. Be3 bxc3 31. Kxc3 Nd4 32. Nh5 Nb5+ 33. Kc4 Be7 34. Ng7 g3
35. fxg3 Rb2 36. Ne6+ Bxe6 37. Bxe6 Rb4+ 38. Kd5 Nc7+ 39. Kc6 Rb6# {Normal} 0-1

[Event "Rated Rapid game"]
[Site "?"]
[Date "2021.11.12"]
[Round "?"]
[White "RuturajDhotre"]
[Black "SuperNezh"]
[Result "0-1"]
[WhiteElo "2290"]
[BlackElo "2402"]
[PlyCount "22"]
[EventDate "2021.??.??"]
[EventType "rapid"]

1. e4 e5 2. Nf3 d5 3. Nxe5 Nf6 4. exd5 Qxd5 5. Nf3 Bg4 6. Be2 Qh5 7. O-O Bd6 8.
Bb5+ c6 9. Re1+ Kd8 10. Be2 Bxf3 11. Bxf3 Qxh2+ {Normal} 0-1

[Event "Rated Blitz game"]
[Site "?"]
[Date "2021.11.12"]
[Round "?"]
[White "AxDain"]
[Black "Razario90"]
[Result "1-0"]
[WhiteElo "2503"]
[BlackElo "2434"]
[PlyCount "67"]
[EventDate "2021.??.??"]
[EventType "blitz"]

1. e4 e5 2. Nf3 d5 3. exd5 e4 4. Qe2 Nf6 5. d3 Qxd5 6. Nbd2 Nc6 7. Nxe4 Be6 8.
Nxf6+ gxf6 9. Qe4 Qd7 10. d4 O-O-O 11. Bb5 Bd5 12. Qd3 Qe6+ 13. Be3 Bxf3 14.
gxf3 Nxd4 15. O-O-O Bc5 16. Qc4 Nxb5 17. Qxe6+ fxe6 18. Bxc5 b6 19. Be7 Rxd1+
20. Rxd1 f5 21. Rg1 Nd4 22. Rg7 Nxf3 23. h4 h5 24. Kd1 Re8 25. Ke2 Nd4+ 26. Kd3
Nc6 27. Bg5 e5 28. Rh7 e4+ 29. Kd2 Ne5 30. Rxh5 Nf3+ 31. Ke3 Kd7 32. Rh7+ Kc6
33. Bf4 Rc8 34. h5 {Time forfeit} 1-0

[Event "Rated Blitz game"]
[Site "?"]
[Date "2021.11.12"]
[Round "?"]
[White "quicksilver2"]
[Black "King_bg03"]
[Result "1/2-1/2"]
[WhiteElo "2526"]
[BlackElo "2675"]
[PlyCount "71"]
[EventDate "2021.??.??"]
[EventType "blitz"]

1. e4 e5 2. Nf3 d5 3. exd5 e4 4. Qe2 Qe7 5. Nd4 Nf6 6. Nc3 Nbd7 7. d3 exd3 8.
Qxe7+ Bxe7 9. Bxd3 Nb6 10. Ndb5 Nfxd5 11. Nxd5 Nxd5 12. Be4 c6 13. Bxd5 cxb5
14. Bf4 O-O 15. O-O-O Be6 16. Bxe6 fxe6 17. Be3 Rfd8 18. Rxd8+ Rxd8 19. Rd1 a6
20. Rxd8+ Bxd8 21. Kd2 Kf7 22. Kd3 e5 23. Ke4 Ke6 24. g4 g6 25. f4 exf4 26.
Bxf4 Bf6 27. b3 h5 28. gxh5 gxh5 29. h3 Bg7 30. c4 bxc4 31. bxc4 Bf8 32. Be3
Be7 33. a4 Bf8 34. Bd4 Be7 35. Kf4 Bd8 36. Ke4 {Normal} 1/2-1/2

[Event "Rated Blitz game"]
[Site "?"]
[Date "2021.11.12"]
[Round "?"]
[White "doreality"]
[Black "King_bg03"]
[Result "1-0"]
[WhiteElo "2781"]
[BlackElo "2720"]
[PlyCount "99"]
[EventDate "2021.??.??"]
[EventType "blitz"]

1. e4 e5 2. Nf3 d5 3. exd5 e4 4. Qe2 Qe7 5. Nd4 Nf6 6. Nc3 Nbd7 7. d3 exd3 8.
Qxe7+ Bxe7 9. Bxd3 Nb6 10. Ndb5 Nfxd5 11. Nxd5 Nxd5 12. Be4 c6 13. Bxd5 cxb5
14. Bf4 O-O 15. O-O-O a5 16. Rhe1 Bc5 17. f3 Ra6 18. h4 Bf2 19. Rh1 Be6 20. h5
b4 21. Bxb7 Rb6 22. Bd5 a4 23. Rhf1 Bc5 24. Rfe1 h6 25. g4 Rd8 26. Bxe6 Rxd1+
27. Kxd1 fxe6 28. Re4 Kf7 29. b3 Ra6 30. Bd2 axb3 31. axb3 Rb6 32. Ke2 Be7 33.
Rc4 g6 34. Bxh6 gxh5 35. gxh5 Rb5 36. Bd2 Rxh5 37. Bxb4 Bf6 38. Bd6 Rd5 39. Bf4
Kg6 40. b4 Rf5 41. Be3 Rh5 42. Rc5 Rh2+ 43. Kd3 Rh3 44. Ke4 Rh2 45. b5 Rh1 46.
b6 Rb1 47. Rc6 Kf7 48. Rc7+ Kg6 49. b7 Rb4+ 50. c4 {Normal} 1-0

[Event "Rated Blitz game"]
[Site "?"]
[Date "2021.11.12"]
[Round "?"]
[White "GefuehlthobI26"]
[Black "alaeldin1212"]
[Result "1-0"]
[WhiteElo "2514"]
[BlackElo "2376"]
[PlyCount "67"]
[EventDate "2021.??.??"]
[EventType "blitz"]

1. e4 e5 2. Nf3 d5 3. exd5 e4 4. Qe2 Nf6 5. d3 Qxd5 6. Nbd2 Be7 7. dxe4 Qd8 8.
Qd3 O-O 9. Be2 Bg4 10. h3 Bxf3 11. Nxf3 Nbd7 12. Be3 Nc5 13. Qxd8 Raxd8 14. e5
Nd5 15. Bxc5 Bxc5 16. O-O Nf4 17. Rfe1 h6 18. Bc4 Rfe8 19. Rad1 Rxd1 20. Rxd1
c6 21. Rd7 Re7 22. Rd8+ Kh7 23. h4 b5 24. Bf1 Bb6 25. Rc8 Rc7 26. Re8 Rd7 27.
g3 Nh5 28. Bd3+ g6 29. e6 fxe6 30. Rxe6 Rg7 31. Kg2 Kg8 32. Rxc6 g5 33. hxg5
hxg5 34. Bxb5 {Time forfeit} 1-0

[Event "Rated Blitz game"]
[Site "?"]
[Date "2021.11.12"]
[Round "?"]
[White "Aibek_123"]
[Black "Razario90"]
[Result "0-1"]
[WhiteElo "2436"]
[BlackElo "2382"]
[PlyCount "28"]
[EventDate "2021.??.??"]
[EventType "blitz"]

1. e4 e5 2. Nf3 d5 3. d4 dxe4 4. Nxe5 Bd6 5. Nc4 Be7 6. Ne3 Nc6 7. d5 Nb8 8. c4
f5 9. f4 exf3 10. Qxf3 Nf6 11. Bd3 g6 12. Nc3 Nbd7 13. O-O Ne5 14. Be2 Nxf3+ {
Normal} 0-1

[Event "Rated Blitz tournament YRfs1nB5"]
[Site "?"]
[Date "2021.11.12"]
[Round "?"]
[White "KYHI-TYHI"]
[Black "Razario90"]
[Result "0-1"]
[WhiteElo "2452"]
[BlackElo "2411"]
[PlyCount "98"]
[EventDate "2021.??.??"]
[EventType "blitz"]

1. e4 e5 2. Nf3 d5 3. exd5 e4 4. Qe2 Nf6 5. d3 Qxd5 6. Nc3 Bb4 7. Bd2 Bxc3 8.
Bxc3 O-O 9. dxe4 Nxe4 10. Rd1 Nxc3 11. Rxd5 Nxe2 12. Bxe2 Nc6 13. O-O Be6 14.
Rc5 a6 15. b3 h6 16. Bd3 Rfd8 17. Ne5 Nxe5 18. Rxe5 Rd6 19. Rfe1 Rad8 20. f4
Kf8 21. f5 Bd5 22. Kf2 Bc6 23. g4 f6 24. Re7 R6d7 25. Rxd7 Rxd7 26. h4 Re7 27.
Rxe7 Kxe7 28. Ke3 Kd6 29. Kd4 a5 30. c4 b6 31. c5+ bxc5+ 32. Ke3 Ke5 33. Bc4 a4
34. bxa4 Bxa4 35. a3 c6 36. Bd3 Bd1 37. Be2 Bb3 38. Kd2 Kd4 39. Bd1 Bxd1 40.
Kxd1 Kc3 41. Ke2 c4 42. Ke3 Kb2 43. Kd4 c3 44. Kc5 c2 45. Kd6 c1=Q 46. Ke7 Qf4
47. Kf7 Qxg4 48. h5 Qxh5+ 49. Ke6 Kxa3 {Normal} 0-1

[Event "Rated Blitz game"]
[Site "?"]
[Date "2021.11.12"]
[Round "?"]
[White "erginyildiz"]
[Black "SerialDrinker"]
[Result "0-1"]
[WhiteElo "2407"]
[BlackElo "2327"]
[PlyCount "46"]
[EventDate "2021.??.??"]
[EventType "blitz"]

1. e4 e5 2. Nf3 d5 3. Nxe5 Bd6 4. d4 dxe4 5. Nc4 Be7 6. Nc3 f5 7. Bf4 Nf6 8. f3
O-O 9. Be5 Nc6 10. f4 Be6 11. Ne3 Nd5 12. Ncxd5 Bxd5 13. c4 Be6 14. d5 Nxe5 15.
fxe5 Bd7 16. a3 f4 17. Nc2 Bh4+ 18. g3 fxg3 19. hxg3 Bxg3+ 20. Kd2 Qg5+ 21. Kc3
Rf3+ 22. Kd4 Bf2+ 23. Kxe4 Qf4# {Normal} 0-1

[Event "Rated Rapid game"]
[Site "?"]
[Date "2021.11.12"]
[Round "?"]
[White "merab_archvadze1944"]
[Black "SuperNezh"]
[Result "0-1"]
[WhiteElo "2377"]
[BlackElo "2408"]
[PlyCount "63"]
[EventDate "2021.??.??"]
[EventType "rapid"]

1. e4 e5 2. Nf3 d5 3. exd5 Nf6 4. Nxe5 Qxd5 5. d4 Nc6 6. Nc3 Bb4 7. Nxc6 Qxc6
8. Bd2 O-O 9. f3 Re8+ 10. Kf2 Qb6 11. Be3 Rxe3 12. Kxe3 Bxc3 13. bxc3 Nd5+ 14.
Kf2 Nxc3 15. Qd3 Qb2 16. Be2 Bd7 17. a4 Re8 18. Rae1 b5 19. Bd1 Rd8 20. Re3 b4
21. Rhe1 Bxa4 22. f4 g6 23. Bf3 a5 24. d5 Qxc2+ 25. Qxc2 Bxc2 26. Re8+ Rxe8 27.
Rxe8+ Kg7 28. Rc8 b3 29. d6 cxd6 30. Rxc3 b2 31. Rxc2 b1=Q 32. Re2 {Normal} 0-1

[Event "Rated Rapid game"]
[Site "?"]
[Date "2021.11.12"]
[Round "?"]
[White "hosein76"]
[Black "SuperNezh"]
[Result "0-1"]
[WhiteElo "2378"]
[BlackElo "2461"]
[PlyCount "42"]
[EventDate "2021.??.??"]
[EventType "rapid"]

1. e4 e5 2. Nf3 d5 3. Nxe5 Nf6 4. exd5 Qxd5 5. Nf3 Bg4 6. Be2 Qh5 7. Nc3 Nc6 8.
d4 Bd6 9. Be3 O-O-O 10. h3 Rhe8 11. Qd2 Bb4 12. O-O-O Bxf3 13. Bxf3 Qa5 14. a3
Bxa3 15. bxa3 Qxa3+ 16. Kb1 Nb4 17. Qc1 Qxc3 18. Qb2 Nfd5 19. Bd2 Qxb2+ 20.
Kxb2 Nc6 21. c4 Nb6 {Normal} 0-1

[Event "Rated Blitz game"]
[Site "?"]
[Date "2021.11.12"]
[Round "?"]
[White "elagarejos"]
[Black "Roberto_Baggio1978"]
[Result "0-1"]
[WhiteElo "2397"]
[BlackElo "2554"]
[PlyCount "54"]
[EventDate "2021.??.??"]
[EventType "blitz"]

1. e4 e5 2. Nf3 d5 3. Nxe5 Bd6 4. d4 dxe4 5. Nc3 Bxe5 6. dxe5 Qxd1+ 7. Kxd1
Bg4+ 8. Be2 Bxe2+ 9. Kxe2 Nc6 10. Bf4 Nge7 11. Ke3 Ng6 12. Kxe4 O-O-O 13. Rad1
Rde8 14. Rhe1 Ncxe5 15. Bxe5 Rxe5+ 16. Kf3 Rhe8 17. Re3 Rxe3+ 18. fxe3 Ne5+ 19.
Kg3 Nc4 20. e4 Nxb2 21. Rf1 f6 22. Kf4 Nc4 23. g4 c6 24. h4 Kc7 25. g5 Re6 26.
Rg1 b5 27. gxf6 Rxf6+ {Normal} 0-1

[Event "Rated Blitz game"]
[Site "?"]
[Date "2021.11.12"]
[Round "?"]
[White "DarkRose1"]
[Black "Kinxley"]
[Result "1-0"]
[WhiteElo "2477"]
[BlackElo "2325"]
[PlyCount "79"]
[EventDate "2021.??.??"]
[EventType "blitz"]

1. e4 e5 2. Nf3 d5 3. exd5 Qxd5 4. Nc3 Qa5 5. Bc4 Nc6 6. O-O Bg4 7. h3 Bh5 8.
g4 Bg6 9. d4 O-O-O 10. d5 Nf6 11. Bg5 Qc5 12. Bb3 e4 13. Be3 Qa5 14. Nd4 Nxd4
15. Bxd4 Bb4 16. a3 Bxc3 17. Bxc3 Qb6 18. Qd2 Kb8 19. a4 Qd6 20. a5 a6 21. Bb4
Qe5 22. c4 h5 23. g5 Ng4 24. f4 exf3 25. Rxf3 Be4 26. Re1 f6 27. Bc2 f5 28. Bc3
Qd6 29. Bxe4 fxe4 30. Rxe4 Rhf8 31. Rxf8 Rxf8 32. hxg4 hxg4 33. Kg2 Rh8 34. Qf4
Qc5 35. Bxg7 Rd8 36. Bd4 Qxa5 37. g6 Qb4 38. g7 b6 39. Be5 Qb3 40. Bxc7+ {
Normal} 1-0

[Event "Rated Blitz game"]
[Site "?"]
[Date "2021.11.12"]
[Round "?"]
[White "alirezazadeh13700"]
[Black "Pepiton61"]
[Result "0-1"]
[WhiteElo "2403"]
[BlackElo "2325"]
[PlyCount "54"]
[EventDate "2021.??.??"]
[EventType "blitz"]

1. e4 e5 2. Nf3 d5 3. Nxe5 Bd6 4. d4 dxe4 5. Bc4 Bxe5 6. dxe5 Qxd1+ 7. Kxd1
Bg4+ 8. Be2 Bxe2+ 9. Kxe2 Nc6 10. Bf4 O-O-O 11. Na3 Nd4+ 12. Ke3 f5 13. Rad1
Ne6 14. Rxd8+ Kxd8 15. Rd1+ Kc8 16. Nb5 a6 17. Nd4 Nxd4 18. Rxd4 Ne7 19. e6 Rd8
20. Rxd8+ Kxd8 21. Be5 g6 22. Kf4 Nd5+ 23. Kg5 Ke7 24. Kh6 Kxe6 25. Bd4 Nf6 26.
Bxf6 Kxf6 27. Kxh7 f4 {Normal} 0-1

[Event "Rated Blitz game"]
[Site "?"]
[Date "2021.11.12"]
[Round "?"]
[White "Rumple_DarkOne"]
[Black "King_bg03"]
[Result "1-0"]
[WhiteElo "2681"]
[BlackElo "2668"]
[PlyCount "64"]
[EventDate "2021.??.??"]
[EventType "blitz"]

1. e4 e5 2. Nf3 d5 3. exd5 e4 4. Qe2 Qe7 5. Nd4 Nf6 6. Nc3 Nbd7 7. d3 exd3 8.
Qxe7+ Bxe7 9. Bxd3 Nb6 10. O-O Nfxd5 11. Nxd5 Nxd5 12. Re1 O-O 13. c4 Bf6 14.
cxd5 Bxd4 15. Bf4 c6 16. Bd6 Rd8 17. Bc7 Rf8 18. Bd6 Rd8 19. Bc7 Rf8 20. d6 Bf6
21. Re2 Bd7 22. Rae1 g6 23. Bc4 Rfe8 24. f4 Rxe2 25. Rxe2 Re8 26. Rxe8+ Bxe8
27. b4 Bc3 28. a3 Bb2 29. a4 Ba3 30. b5 cxb5 31. Bxb5 Kf8 32. d7 Ke7 {Normal}
1-0

[Event "Rated Blitz tournament BRKtf6WA"]
[Site "?"]
[Date "2021.11.12"]
[Round "?"]
[White "vitezizgorobilja"]
[Black "KappaGolden"]
[Result "0-1"]
[WhiteElo "2469"]
[BlackElo "2260"]
[PlyCount "112"]
[EventDate "2021.??.??"]
[EventType "blitz"]

1. e4 e5 2. Nf3 d5 3. d4 dxe4 4. Nxe5 Bd6 5. Nc4 Nf6 6. Nxd6+ Qxd6 7. c4 O-O 8.
Nc3 Bf5 9. Be2 Nc6 10. Be3 Rad8 11. d5 Ne5 12. c5 Qe7 13. O-O Nd3 14. Qxd3 exd3
15. Bf3 Ne4 16. Rac1 d2 17. Rcd1 Nxc3 18. bxc3 Be4 19. Bxe4 Qxe4 20. Rxd2 Rxd5
21. Rd4 Rxd4 22. cxd4 c6 23. h3 f5 24. g3 h6 25. h4 Qg4 26. Kh2 f4 27. Bxf4
Rxf4 28. gxf4 Qxf4+ 29. Kg2 Qxd4 30. Rc1 Qe4+ 31. Kg1 Qxh4 32. Rb1 Qg5+ 33. Kf1
Qe7 34. Rb3 Qxc5 35. Rxb7 Qc4+ 36. Kg2 Qxa2 37. Rc7 a5 38. Kg3 a4 39. Rxc6 a3
40. f3 Qb3 41. Ra6 a2 42. Ra8+ Kh7 43. Ra7 Qb2 44. Ra6 a1=Q 45. Rxa1 Qxa1 46.
Kg2 Qe5 47. Kf2 Qf4 48. Kg2 Kg6 49. Kf2 Kf5 50. Kg2 Ke5 51. Kf2 Kd4 52. Kg2 Ke3
53. Kh3 Qxf3+ 54. Kh2 Qg4 55. Kh1 Kf2 56. Kh2 Qg2# {Normal} 0-1

[Event "Rated Blitz game"]
[Site "?"]
[Date "2021.11.12"]
[Round "?"]
[White "repairer"]
[Black "Barruch"]
[Result "0-1"]
[WhiteElo "2355"]
[BlackElo "2451"]
[PlyCount "92"]
[EventDate "2021.??.??"]
[EventType "blitz"]

1. e4 e5 2. Nf3 d5 3. exd5 Bd6 4. d4 e4 5. Ne5 Nd7 6. Nxd7 Bxd7 7. Nc3 Nf6 8.
Bg5 h6 9. Bh4 O-O 10. Bc4 Re8 11. O-O a6 12. a4 g5 13. Bg3 Qe7 14. Qe2 Bxg3 15.
hxg3 Qd6 16. Bb3 Kg7 17. Rfe1 Re7 18. a5 Rae8 19. Qd2 e3 20. Rxe3 Rxe3 21. fxe3
Qxg3 22. Qf2 Qxe3 23. Qxe3 Rxe3 24. d6 cxd6 25. Nd5 Nxd5 26. Bxd5 Bc6 27. Bxc6
bxc6 28. Kf2 Re4 29. c3 f5 30. Ra3 c5 31. dxc5 dxc5 32. Rb3 Re6 33. Rb7+ Kf6
34. Rc7 g4 35. g3 h5 36. Rxc5 Kg5 37. b4 Rd6 38. c4 Rd2+ 39. Kf1 Ra2 40. Rc6
Rb2 41. Rb6 h4 42. gxh4+ Kxh4 43. c5 f4 44. c6 f3 45. c7 Kg3 46. Ke1 f2+ {
Normal} 0-1

[Event "Rated Blitz game"]
[Site "?"]
[Date "2021.11.12"]
[Round "?"]
[White "tamatama"]
[Black "Razario90"]
[Result "0-1"]
[WhiteElo "2428"]
[BlackElo "2392"]
[PlyCount "152"]
[EventDate "2021.??.??"]
[EventType "blitz"]

1. e4 e5 2. Nf3 d5 3. Nxe5 Bd6 4. d4 dxe4 5. Bc4 Bxe5 6. Qh5 Qe7 7. Qxe5 Qxe5
8. dxe5 Nc6 9. Bf4 Nge7 10. Nc3 Ng6 11. Bg3 Ngxe5 12. Bb5 Bd7 13. O-O-O O-O-O
14. Nxe4 a6 15. Ba4 Bf5 16. Rxd8+ Rxd8 17. Re1 Bxe4 18. Rxe4 Ng6 19. h4 h5 20.
Bb3 Rf8 21. c3 Kd7 22. Bd1 Rh8 23. Kc2 Nge7 24. a4 g6 25. b4 Nf5 26. b5 axb5
27. axb5 Na7 28. Be5 Re8 29. f4 Nxb5 30. g4 hxg4 31. Bxg4 Nbd6 32. Ra4 Kc6 33.
Ra1 Nxh4 34. Rh1 Nhf5 35. Kb3 Re7 36. c4 b6 37. Rh8 Re8 38. Rh7 Re7 39. Rh8 Ne8
40. Rh3 f6 41. Bc3 Nfd6 42. Rh6 f5 43. Bf3+ Ne4 44. Rxg6+ N8d6 45. Be5 Kd7 46.
Be2 Nf7 47. c5 Nxc5+ 48. Kc2 Nxe5 49. fxe5 Rxe5 50. Bb5+ Kd8 51. Bc6 Ke7 52.
Kc3 Re6 53. Rg7+ Kd6 54. Bf3 Rf6 55. Rg8 f4 56. Kd4 Ne6+ 57. Kd3 c5 58. Rb8 Nd4
59. Rxb6+ Ke5 60. Rxf6 Kxf6 61. Be4 Ke5 62. Bh7 f3 63. Ke3 Kd6 64. Be4 Ke5 65.
Bb7 Kd6 66. Be4 Ke6 67. Bb7 Kf5 68. Bc8+ Kg5 69. Bb7 Kg4 70. Be4 Kg3 71. Bd3
Kg2 72. Ke4 f2 73. Kd5 Nb3 74. Kc4 Nc1 75. Be4+ Kg3 76. Kxc5 f1=Q {Normal} 0-1

[Event "Rated Blitz game"]
[Site "?"]
[Date "2021.11.12"]
[Round "?"]
[White "Andrej-70"]
[Black "kamaio"]
[Result "0-1"]
[WhiteElo "2427"]
[BlackElo "2351"]
[PlyCount "80"]
[EventDate "2021.??.??"]
[EventType "blitz"]

1. e4 e5 2. Nf3 d5 3. exd5 e4 4. Qe2 Nf6 5. Nc3 Be7 6. Nxe4 O-O 7. d3 Nxd5 8.
Qd1 Re8 9. Be2 Nc6 10. O-O Bg4 11. h3 Bh5 12. Ng3 Bg6 13. c3 Bf6 14. d4 Qd7 15.
Bd3 Re7 16. Bxg6 hxg6 17. Bd2 Rae8 18. Qc2 Nb6 19. Rfe1 Qd5 20. b3 a5 21. Rxe7
Rxe7 22. Re1 a4 23. Rxe7 Bxe7 24. c4 Nxd4 25. Qd3 Nxf3+ 26. Qxf3 Qxf3 27. gxf3
axb3 28. axb3 f5 29. Bf4 c6 30. Ne2 Bc5 31. Be3 Nd7 32. Bf4 Kf7 33. Kf1 Kf6 34.
Nc3 g5 35. Bc7 Ke6 36. Ke2 Bd4 37. Nd1 Nc5 38. b4 Na6 39. b5 Nxc7 40. bxc6 bxc6
{Normal} 0-1

[Event "Rated Blitz game"]
[Site "?"]
[Date "2021.11.12"]
[Round "?"]
[White "daro94"]
[Black "King_bg03"]
[Result "0-1"]
[WhiteElo "2884"]
[BlackElo "2696"]
[PlyCount "78"]
[EventDate "2021.??.??"]
[EventType "blitz"]

1. e4 e5 2. Nf3 d5 3. d4 dxe4 4. Nxe5 Bd6 5. Nc4 Nf6 6. Nc3 Bb4 7. Be2 Nc6 8.
Be3 O-O 9. O-O Be6 10. a3 Bxc3 11. bxc3 h6 12. Nd2 Qd7 13. a4 Rfe8 14. a5 b6
15. a6 Nd5 16. Ra3 f5 17. c4 Nxe3 18. fxe3 Qe7 19. Qc1 Nb4 20. Qb2 c5 21. d5
Bd7 22. g3 Rad8 23. Rf2 Rf8 24. Nf1 Bc8 25. c3 Qf6 26. Qa1 Nc2 27. Qb2 Nxa3 28.
Qxa3 g5 29. Qa1 Kh8 30. h3 Qe5 31. Qc1 Rf6 32. Kh2 Rdf8 33. Rg2 f4 34. gxf4
gxf4 35. exf4 Rxf4 36. Ng3 Rh4 37. Kg1 Bxh3 38. Nh5 Rxh5 39. Bxh5 Qxh5 {Normal}
0-1

[Event "Rated Blitz game"]
[Site "?"]
[Date "2021.11.12"]
[Round "?"]
[White "CleoFannie"]
[Black "King_bg03"]
[Result "0-1"]
[WhiteElo "2727"]
[BlackElo "2701"]
[PlyCount "58"]
[EventDate "2021.??.??"]
[EventType "blitz"]

1. e4 e5 2. Nf3 d5 3. Nxe5 Bd6 4. d4 dxe4 5. Nc4 Nf6 6. Nxd6+ Qxd6 7. Be2 O-O
8. c3 c5 9. dxc5 Qxc5 10. Bf4 Qf5 11. Be3 Nc6 12. Nd2 Be6 13. h3 Qg6 14. g4 a6
15. Qc2 Rac8 16. f4 Nd5 17. Nf1 f5 18. g5 Qf7 19. Kf2 Qc7 20. Qc1 Ne5 21. fxe5
f4 22. Bd4 e3+ 23. Kg1 f3 24. Bd3 f2+ 25. Kh2 Rf3 26. Nxe3 Nxe3 27. Bf1 Nxf1+
28. Qxf1 Qf7 29. Kg2 Qf4 {Normal} 0-1

[Event "Rated Blitz game"]
[Site "?"]
[Date "2021.11.12"]
[Round "?"]
[White "Ooopscheck"]
[Black "King_bg03"]
[Result "1-0"]
[WhiteElo "2731"]
[BlackElo "2691"]
[PlyCount "98"]
[EventDate "2021.??.??"]
[EventType "blitz"]

1. e4 e5 2. Nf3 d5 3. exd5 e4 4. Ne5 Nf6 5. Nc3 Bb4 6. Bb5+ Nbd7 7. O-O O-O 8.
d4 exd3 9. Nxd7 Bxd7 10. Bxd3 Bxc3 11. bxc3 Nxd5 12. Bxh7+ Kxh7 13. Qxd5 Bc6
14. Qf5+ Kg8 15. Bf4 Qc8 16. Qg5 f6 17. Qg3 Rf7 18. Rad1 Qf5 19. Bxc7 Qxc2 20.
a3 Qe4 21. Rfe1 Qxg2+ 22. Qxg2 Bxg2 23. Bd6 Bf3 24. Rd3 Bc6 25. Bb4 b6 26. f4
a5 27. Bd6 Rd7 28. Re7 Rad8 29. Rxd7 Rxd7 30. Rd4 Kf7 31. f5 g6 32. fxg6+ Kxg6
33. Kf2 Kf5 34. h4 Ke6 35. Bf4 Rxd4 36. cxd4 Kf5 37. Bc7 Kg4 38. Bxb6 Kxh4 39.
Bxa5 Kg4 40. Ke3 Kf5 41. Kd3 Kf4 42. Kc4 Ke4 43. Kc5 Bd5 44. Bd8 f5 45. a4 f4
46. a5 f3 47. Bh4 Ba8 48. Bf2 Kd3 49. d5 Ke2 {Normal} 1-0

[Event "Rated Blitz game"]
[Site "?"]
[Date "2021.11.12"]
[Round "?"]
[White "Dani_CSS"]
[Black "Benny_Watts_2005"]
[Result "0-1"]
[WhiteElo "2412"]
[BlackElo "2358"]
[PlyCount "88"]
[EventDate "2021.??.??"]
[EventType "blitz"]

1. e4 e5 2. Nf3 d5 3. exd5 e4 4. Ne5 Qxd5 5. d4 exd3 6. Nxd3 Nf6 7. Nc3 Qf5 8.
Be2 Bd6 9. O-O O-O 10. Bf3 Nc6 11. Be3 Be6 12. Re1 Rad8 13. h3 Ne5 14. Nxe5
Bxe5 15. Qb1 b6 16. a4 a5 17. Qc1 Nd5 18. Nxd5 Bxd5 19. Bxd5 Rxd5 20. Rb1 Bd6
21. Rd1 Rxd1+ 22. Qxd1 Rd8 23. Qe2 h6 24. b3 Re8 25. Qd3 Qxd3 26. cxd3 f5 27.
Kf1 f4 28. Bd2 Be5 29. Re1 Kf7 30. Bxf4 Bxf4 31. Rd1 Be5 32. d4 Rd8 33. Rc1
Rxd4 34. Ke2 Bd6 35. Rc2 Rb4 36. Rc3 g5 37. Rf3+ Kg6 38. g3 Re4+ 39. Kd1 Re6
40. Kc2 Rf6 41. Rxf6+ Kxf6 42. g4 Ke5 43. Kd3 Kf4 44. Kd4 Kf3 {Normal} 0-1